[Event "Let's Play Chess!"]
[Site "http://www.queenalice.com/game.php?id=647486"]
[Date "2009.9.5"]
[Round "-"]
[White "charles31"]
[Black "third3knight"]
[Result "1-0"]
[WhiteElo "1828"]
[BlackElo "1546"]

1. e4 e5 2. Nf3 Nf6 3. a3 Nxe4 4. Bb5 c6 5. Ba4 b5 6. Bb3 d5 7. Nxe5 Bd6 8. d4
O-O 9. O-O f6 10. Nd3 Qc7 11. h3 Nd7 12. Nd2 Bf4 13. Nxe4 Bxc1 14. Qxc1 f5 15.
Nec5 f4 16. f3 Nxc5 17. Nxc5 Rf6 18. Qe1 Bf5 19. g4 Rg6 20. Rf2 Bd7 21. Qd2 Rf8
22. a4 Bxg4 23. hxg4 Rf5 24. Na6 Qd8 25. Rh2 Qd6 26. Nc5 Qe7 27. c3 Qe3+ 28. Rf2
Qe7 29. Bc2 Rxg4+ 30. fxg4 1-0

[Event "Let's Play Chess!"]
[Site "http://www.queenalice.com/game.php?id=696601"]
[Date "2009.12.12"]
[Round "-"]
[White "third3knight"]
[Black "WickedProfessor"]
[Result "0-1"]
[WhiteElo "1586"]
[BlackElo "1617"]

1. e4 d5 2. exd5 Qxd5 3. Nc3 Qa5 4. d4 c6 5. Nf3 Nf6 6. Bd2 Bg4 7. Be2 Nbd7 8.
Ne5 Nxe5 9. dxe5 Qxe5 10. O-O Bxe2 11. Qxe2 Qxe2 12. Nxe2 O-O-O 13. Be3 Kb8 14.
Rad1 Rc8 0-1

[Event "Let's Play Chess!"]
[Site "http://www.queenalice.com/game.php?id=696602"]
[Date "2009.12.12"]
[Round "-"]
[White "WickedProfessor"]
[Black "third3knight"]
[Result "1-0"]
[WhiteElo "1633"]
[BlackElo "1586"]

1. d4 d5 2. Nf3 e6 3. e3 c5 4. Bd3 c4 5. Be2 Bd6 6. O-O Bd7 7. Nc3 Nf6 8. Ne5
Nc6 9. Nxc6 Bxc6 10. a3 O-O 11. b4 b5 12. Bb2 e5 13. dxe5 Bxe5 14. f4 1-0

[Event "AUTO-INT-1657"]
[Site "http://www.queenalice.com/game.php?id=753958"]
[Date "2010.3.30"]
[Round "1"]
[White "Givanildo"]
[Black "third3knight"]
[Result "1-0"]
[WhiteElo "1460"]
[BlackElo "1548"]

1. e4 e5 2. Qh5 d6 3. Bb5+ Bd7 4. Bc4 Be6 5. Bxe6 g6 6. Bxf7+ Kxf7 7. Qf3+ Nf6
8. d3 c5 9. Bg5 h6 10. Bxf6 Qxf6 11. g4 g5 12. Nd2 Nc6 13. c3 Ke7 14. Qg2 Kd7
15. f3 Kc7 16. Nc4 Rd8 17. Nh3 b5 18. b4 bxc4 19. b5 Ne7 20. dxc4 Nc8 21. a4 Nb6
22. Qe2 Qe6 23. a5 Nxc4 24. O-O 1-0

[Event "AUTO-INT-1657"]
[Site "http://www.queenalice.com/game.php?id=753959"]
[Date "2010.3.30"]
[Round "1"]
[White "third3knight"]
[Black "Givanildo"]
[Result "0-1"]
[WhiteElo "1569"]
[BlackElo "1439"]

1. e4 e5 2. Nf3 Bd6 3. d4 f6 4. dxe5 Bxe5 5. Nxe5 fxe5 6. Qh5+ Kf8 7. Qxe5 Nf6
8. Bg5 d6 9. Qf4 Qe7 10. Bxf6 gxf6 11. Nc3 c6 12. Be2 h5 13. Rd1 Bg4 14. Bxg4
hxg4 15. Qxg4 Rg8 16. Qf4 d5 17. O-O Nd7 18. exd5 Qg7 19. g3 Ne5 20. Ne4 Rd8 21.
Nc5 Rd6 22. Ne6+ Rxe6 23. dxe6 Qg4 24. Rd8+ Kg7 25. Rxg8+ Kxg8 0-1

[Event "AUTO-INT-1657"]
[Site "http://www.queenalice.com/game.php?id=753972"]
[Date "2010.3.30"]
[Round "1"]
[White "Alcar"]
[Black "third3knight"]
[Result "1-0"]
[WhiteElo "1704"]
[BlackElo "1478"]

1. d4 d5 2. c4 dxc4 3. Nc3 Bd7 4. e4 e6 5. Bxc4 Bb4 6. Ne2 a6 7. O-O b5 8. Bb3
Bxc3 9. bxc3 c5 10. dxc5 Nc6 11. Be3 e5 12. Ng3 Nf6 13. f4 1-0

[Event "AUTO-INT-1657"]
[Site "http://www.queenalice.com/game.php?id=753973"]
[Date "2010.3.30"]
[Round "1"]
[White "third3knight"]
[Black "Alcar"]
[Result "0-1"]
[WhiteElo "1486"]
[BlackElo "1696"]

1. e4 c5 2. Bc4 e6 3. Nf3 Nc6 4. c3 a6 5. a4 Na5 6. Na3 Nxc4 7. Nxc4 d5 8. exd5
Qxd5 9. d3 Nf6 10. Nb6 Qc6 11. Nxa8 b6 12. Nxb6 Qxb6 13. O-O Bd6 0-1

[Event "AUTO-INT-1657"]
[Site "http://www.queenalice.com/game.php?id=753980"]
[Date "2010.3.30"]
[Round "1"]
[White "donchoa"]
[Black "third3knight"]
[Result "1-0"]
[WhiteElo "1595"]
[BlackElo "1460"]

1. e3 e5 2. c3 d5 3. Qh5 e4 4. Qe5+ Be6 5. h3 Nc6 6. Bb5 Qd7 7. Bxc6 Qxc6 8. Na3
Bxa3 9. bxa3 Ne7 10. Qxg7 O-O-O 11. g4 Rdg8 12. Qf6 Qd7 13. Bb2 Rg6 14. Qxh8+
Rg8 15. Qxh7 1-0

[Event "AUTO-INT-1657"]
[Site "http://www.queenalice.com/game.php?id=753981"]
[Date "2010.3.30"]
[Round "1"]
[White "third3knight"]
[Black "donchoa"]
[Result "0-1"]
[WhiteElo "1471"]
[BlackElo "1584"]

1. e4 e5 2. Nf3 Nf6 3. Nxe5 Qe7 4. d4 Nxe4 5. Bd3 Nf6 6. O-O Nc6 7. Re1 Nxe5 8.
Rxe5 Qxe5 9. dxe5 Nd5 10. Bd2 d6 11. Qe1 Be6 12. exd6 O-O-O 13. dxc7 Kxc7 14.
Qe5+ Kc8 15. c4 Ne7 0-1

[Event "Let's Play Chess!"]
[Site "http://www.queenalice.com/game.php?id=754028"]
[Date "2010.3.30"]
[Round "-"]
[White "third3knight"]
[Black "MisterTibs"]
[Result "0-1"]
[WhiteElo "1545"]
[BlackElo "2168"]

1. e4 e6 2. Nf3 d5 3. c4 dxe4 4. Ne5 Nf6 5. Nc3 Bd6 6. Ng4 Nc6 7. Nxf6+ Qxf6 8.
d3 exd3 9. Bxd3 e5 10. Nd5 Qh4 11. g3 Qg4 12. O-O Qxd1 13. Rxd1 O-O 14. f4 Bg4
15. Re1 Rae8 16. fxe5 Nxe5 17. Be2 Nxc4 18. Ne3 Rxe3 19. Bxe3 Nxe3 20. Bxg4 Nxg4
21. Rac1 Ne5 22. Rc2 Nf3+ 0-1

[Event "Let's Play Chess!"]
[Site "http://www.queenalice.com/game.php?id=754029"]
[Date "2010.3.30"]
[Round "-"]
[White "third3knight"]
[Black "Panzer85"]
[Result "0-1"]
[WhiteElo "1569"]
[BlackElo "1622"]

1. e4 e5 2. Nf3 Nc6 3. Nxe5 Nxe5 4. d4 Nc6 5. d5 Ne5 6. c4 Nf6 7. Be2 Nxe4 8.
Qd4 Bb4+ 9. Bd2 Bxd2+ 10. Nxd2 Nxd2 11. Qxd2 d6 12. O-O Qf6 13. f4 Ng4 14. Bxg4
Bxg4 15. Rfe1+ Kd7 16. Qf2 h5 17. c5 h4 18. c6+ bxc6 19. dxc6+ Kxc6 20. Rac1+
Kd7 21. Qc2 c5 22. Qa4+ Kc7 23. Qa5+ Kd7 24. Re3 Qxb2 25. Rb3 Qxc1+ 0-1

[Event "Let's Play Chess!"]
[Site "http://www.queenalice.com/game.php?id=754030"]
[Date "2010.3.30"]
[Round "-"]
[White "MisterTibs"]
[Black "third3knight"]
[Result "1-0"]
[WhiteElo "2169"]
[BlackElo "1543"]

1. d4 Nf6 2. e3 d5 3. Nf3 Bg4 4. Be2 e6 5. h3 Bxf3 6. Bxf3 c5 7. dxc5 Bxc5 8.
O-O Nc6 9. Nd2 e5 10. Nb3 Bb6 11. c4 dxc4 12. Nd2 O-O 13. Qe2 Qd3 14. Nxc4 Qxe2
15. Bxe2 Bc7 16. b3 Nd5 17. Bf3 Rad8 18. Rd1 Nce7 19. Ba3 Rfe8 20. e4 Nc3 21.
Rxd8 Bxd8 22. Nd6 Rf8 23. Nxb7 1-0

[Event "Let's Play Chess!"]
[Site "http://www.queenalice.com/game.php?id=754031"]
[Date "2010.3.30"]
[Round "-"]
[White "Panzer85"]
[Black "third3knight"]
[Result "1-0"]
[WhiteElo "1812"]
[BlackElo "1489"]

1. e4 e5 2. Nf3 d6 3. d4 Bg4 4. Bc4 Nf6 5. Nc3 exd4 6. Qxd4 c5 7. Qe3 Be7 8. h3
Bxf3 9. Qxf3 Nc6 10. Be3 Qb6 11. b3 Nd4 12. Bxd4 cxd4 13. Nd5 Nxd5 14. Bxd5 Qb4+
15. Kd1 O-O 16. a3 Qc3 17. Qxc3 dxc3 18. Bxb7 Rab8 19. Bd5 Kh8 20. g4 g5 21. Rf1
Kg7 22. f4 gxf4 23. Rxf4 Bg5 24. Rf5 h6 25. Ke2 a5 26. a4 Rb4 27. Kd3 Bf6 28.
Raf1 Rd4+ 29. Kxc3 Rxd5+ 30. Kc4 Rxf5 31. Rxf5 Rc8+ 32. Kb5 1-0

[Event "AUTO-OPEN-1933"]
[Site "http://www.queenalice.com/game.php?id=754907"]
[Date "2010.4.1"]
[Round "1"]
[White "third3knight"]
[Black "MC"]
[Result "0-1"]
[WhiteElo "1541"]
[BlackElo "1710"]

1. e4 e5 2. Nf3 Nc6 3. c3 Bc5 4. d4 exd4 5. cxd4 Bb6 6. d5 Nb4 7. Bd2 Ba5 8. a3
Bb6 9. Bxb4 Qf6 10. Nc3 g5 11. e5 Qf4 12. g3 Qf5 13. Bg2 g4 14. Nh4 Qxf2# 0-1

[Event "AUTO-OPEN-1933"]
[Site "http://www.queenalice.com/game.php?id=754908"]
[Date "2010.4.1"]
[Round "1"]
[White "MC"]
[Black "third3knight"]
[Result "1-0"]
[WhiteElo "1700"]
[BlackElo "1555"]

1. e4 e6 2. d4 c6 3. Nh3 Be7 4. Bd3 d5 5. e5 c5 6. c3 c4 7. Bc2 f6 8. Na3 Bxa3
9. bxa3 fxe5 10. Qh5+ g6 11. Bxg6+ Ke7 12. Bg5+ Nf6 13. Bxf6+ 1-0

[Event "AUTO-OPEN-1933"]
[Site "http://www.queenalice.com/game.php?id=754909"]
[Date "2010.4.1"]
[Round "1"]
[White "third3knight"]
[Black "Attia"]
[Result "0-1"]
[WhiteElo "1515"]
[BlackElo "1607"]

1. e4 e5 2. c3 Nf6 3. d3 Be7 4. Bg5 h6 5. Bxf6 Bxf6 6. Nf3 O-O 7. d4 d6 8. d5
Bg4 9. Be2 Nd7 10. c4 Nc5 11. Nc3 a6 12. b4 Nd7 0-1

[Event "AUTO-OPEN-1933"]
[Site "http://www.queenalice.com/game.php?id=754910"]
[Date "2010.4.1"]
[Round "1"]
[White "Attia"]
[Black "third3knight"]
[Result "1-0"]
[WhiteElo "1594"]
[BlackElo "1528"]

1. e4 e5 2. Nf3 Nf6 3. Nc3 d6 4. d4 Bg4 5. Be2 exd4 6. Qxd4 Nc6 7. Qa4 Be7 8.
Bd2 O-O 9. O-O Bxf3 10. Bxf3 Ne5 11. Be2 c6 12. b4 d5 13. Bf4 b5 14. Qb3 1-0

[Event "AUTO-INT-1660"]
[Site "http://www.queenalice.com/game.php?id=755216"]
[Date "2010.4.2"]
[Round "1"]
[White "Adinirso"]
[Black "third3knight"]
[Result "1-0"]
[WhiteElo "1616"]
[BlackElo "1449"]

1. e4 e5 2. Nf3 Nf6 3. Nc3 Bc5 4. h3 d5 5. exd5 Nxd5 6. Qe2 O-O 7. Nxe5 Nxc3 8.
bxc3 Re8 9. d4 Bb6 10. Qc4 Bxd4 11. cxd4 1-0

[Event "AUTO-INT-1660"]
[Site "http://www.queenalice.com/game.php?id=755217"]
[Date "2010.4.2"]
[Round "1"]
[White "third3knight"]
[Black "Adinirso"]
[Result "0-1"]
[WhiteElo "1440"]
[BlackElo "1636"]

1. e4 e5 2. c3 Nf6 3. f3 Nc6 4. d4 exd4 5. cxd4 Bb4+ 6. Bd2 Bxd2+ 7. Qxd2 O-O 8.
Be2 a6 9. d5 Ne7 10. Nc3 b5 11. b4 d6 0-1

[Event "AUTO-INT-1660"]
[Site "http://www.queenalice.com/game.php?id=755230"]
[Date "2010.4.2"]
[Round "1"]
[White "Felipe_Hawk"]
[Black "third3knight"]
[Result "1-0"]
[WhiteElo "1563"]
[BlackElo "1503"]

1. e4 e5 2. Nf3 Nf6 3. Nc3 Bb4 4. Bc4 Bxc3 5. bxc3 d6 6. d3 Qe7 7. O-O Be6 8.
Bxe6 Qxe6 9. Ng5 Qd7 10. Qf3 Nc6 11. h3 h6 12. Nxf7 Qxf7 13. Rb1 b6 14. d4 exd4
15. cxd4 Nxd4 16. Qc3 Ne2+ 17. Kh1 Nxc3 18. Rb3 Nfxe4 19. Re1 Qxf2 20. Rxc3 1-0

[Event "AUTO-INT-1660"]
[Site "http://www.queenalice.com/game.php?id=755231"]
[Date "2010.4.2"]
[Round "1"]
[White "third3knight"]
[Black "Felipe_Hawk"]
[Result "1-0"]
[WhiteElo "1550"]
[BlackElo "1624"]

1. e4 e5 2. Nf3 Nc6 3. d4 exd4 4. Nxd4 Nxd4 5. Qxd4 Nf6 6. e5 Nh5 7. Be2 g6 8.
h4 Bg7 9. Bxh5 gxh5 10. Bg5 f6 11. exf6 Bf8 12. f7+ Kxf7 13. Bxd8 Rg8 14. Qf6+
Ke8 15. O-O Rg6 16. Re1+ Be7 17. Rxe7+ Kxd8 18. Qf8# 1-0

[Event "AUTO-INT-1660"]
[Site "http://www.queenalice.com/game.php?id=755240"]
[Date "2010.4.2"]
[Round "1"]
[White "third3knight"]
[Black "Scooby_99"]
[Result "1-0"]
[WhiteElo "1541"]
[BlackElo "1357"]

1. e4 e6 2. d4 d6 3. Nf3 Nf6 4. e5 Nd5 5. c4 Nb6 6. Nc3 Nc6 7. a3 dxe5 8. dxe5
Qxd1+ 9. Nxd1 Nd7 10. b4 Ndxe5 11. Be2 Nxf3+ 12. Bxf3 Ne5 13. Be2 c6 14. Bb2 Ng6
15. Nc3 Be7 16. Ne4 f6 17. Rd1 O-O 18. O-O b6 19. Nd6 e5 20. Nxc8 Raxc8 21. Rd7
Ra8 22. Bh5 Nf4 23. Bd1 1-0

[Event "AUTO-INT-1660"]
[Site "http://www.queenalice.com/game.php?id=755241"]
[Date "2010.4.2"]
[Round "1"]
[White "Scooby_99"]
[Black "third3knight"]
[Result "0-1"]
[WhiteElo "1366"]
[BlackElo "1532"]

1. e4 e5 2. Nf3 Nf6 3. Bc4 Nxe4 4. O-O Bc5 5. Nxe5 O-O 6. a4 Qf6 7. Nf3 d6 8. d3
Bxf2+ 9. Rxf2 Nxf2 10. Kxf2 Bg4 11. Be3 Nc6 12. Nd2 Nd4 13. Kg1 Nxf3+ 14. Nxf3
b6 15. Bd5 Rae8 16. Be4 Bxf3 17. Qxf3 Qxf3 18. gxf3 f5 19. Bd5+ Kh8 20. Bd4 c5
21. Bc3 f4 22. Re1 Rxe1+ 23. Bxe1 Rf5 24. Bd2 Rxd5 0-1